000 00559nam a2200229Ia 4500
999 _c63291
_d63291
003 0100
005 20170530084731.0
008 130303s9999 xx 000 0 und d
020 _a0140266755
040 _cARRUPELIB
050 _aDT20.R43 1998
100 _aReader, John
_931582
245 _aAfrica
245 _ba biography of the continent
260 _bPenguin Books
_aLondon
_c1998
300 _a803p.
300 _b 21cm
650 _bAfrica
_xHistory
_922067
942 _2lcc
_02
_cMONOGRAPH